|
|
|
|
| LEADER |
00000nam0a2200000 4500 |
| 001 |
69729 |
| 005 |
20240207125726.0 |
| 035 |
|
|
|a (RuTPU)RU\TPU\book\74235
|
| 090 |
|
|
|a 69729
|
| 100 |
|
|
|a 20041101d2005 m y0rusy50 ca
|
| 101 |
0 |
|
|a rus
|
| 102 |
|
|
|a RU
|
| 105 |
|
|
|a a j 001zy
|
| 200 |
1 |
|
|a Лабораторный практикум к выполнению работ по курсу "Теория электропривода"
|f Ю. Н. Дементьев, С. М. Семенов, Ю. С. Боровиков
|g Томский политехнический университет
|
| 210 |
|
|
|a Томск
|c Изд-во ТПУ
|d 2005
|
| 215 |
|
|
|a 143 с.
|c ил.
|
| 225 |
1 |
|
|a Учебники Томского политехнического университета
|
| 320 |
|
|
|a Библиография в конце лабораторных работ.
|
| 451 |
|
1 |
|0 (RuTPU)RU\TPU\book\133042
|t Лабораторный практикум к выполнению лабораторных работ по курсам электропривода и электрооборудования
|f Ю. Н. Дементьев, С. М. Семенов, Ю. С. Боровиков
|g ТПУ; под ред. С. И. Качина
|c Томск
|n Изд-во ТПУ
|d 2007
|p 139 с.
|a Дементьев, Юрий Николаевич
|
| 451 |
|
1 |
|0 (RuTPU)RU\TPU\book\82838
|t Лабораторный практикум к выполнению лабораторных работ по курсам электропривода и электрооборудования
|o для студ. бакалавр. и инже. уровней всех форм обучения
|f Ю. Н. Дементьев, С. М. Семенов, Ю. С. Боровиков
|g ТПУ
|c Томск
|n Изд-во ТПУ
|d 2004
|p 91 с.
|s Учебники Томского политехнического университета
|a Дементьев, Юрий Николаевич
|
| 610 |
1 |
|
|a электроприводы
|
| 610 |
1 |
|
|a асинхронные двигатели
|
| 610 |
1 |
|
|a статические характеристики
|
| 610 |
1 |
|
|a энергетические показатели
|
| 610 |
1 |
|
|a шаговые электроприводы
|
| 610 |
1 |
|
|a механическая часть
|
| 610 |
1 |
|
|a бесконтактные двигатели
|
| 610 |
1 |
|
|a частотное управление
|
| 610 |
1 |
|
|a динамические свойства
|
| 610 |
1 |
|
|a лабораторные работы
|
| 610 |
1 |
|
|a практические пособия
|
| 610 |
1 |
|
|a учебные пособия
|
| 610 |
1 |
|
|a труды учёных ТПУ
|
| 675 |
|
|
|a 62-83(076.5)
|v 3
|
| 700 |
|
1 |
|a Дементьев
|b Ю. Н.
|c специалист в области электротехники
|c заведующий кафедрой Томского политехнического университета, кандидат технических наук
|f 1953-
|g Юрий Николаевич
|3 (RuTPU)RU\TPU\pers\25853
|
| 701 |
|
1 |
|a Семенов
|b С. М.
|c специалист в области электротехники
|c заведующий лабораторией Томского политехнического университета
|f 1951-
|g Сергей Михайлович
|3 (RuTPU)RU\TPU\pers\27976
|9 12966
|
| 701 |
|
1 |
|a Боровиков
|b Ю. С.
|c специалист в области электроэнергетики
|c проректор-директор Энергетического института Томского политехнического университета, кандидат технических наук
|f 1978-
|g Юрий Сергеевич
|3 (RuTPU)RU\TPU\pers\27067
|
| 712 |
0 |
2 |
|a Томский политехнический университет
|3 (RuTPU)RU\TPU\col\376
|
| 801 |
|
1 |
|a RU
|b 63413507
|c 20041101
|g PSBO
|
| 801 |
|
2 |
|a RU
|b 63413507
|c 20201116
|g PSBO
|
| 942 |
|
|
|c BK
|